Existing use value for social housing (Record no. 74949)
[ view plain ]
| 000 -LEADER | |
|---|---|
| fixed length control field | 01207cam a2200253 4500 |
| 001 - CONTROL NUMBER | |
| control field | ABS68878 |
| 008 - FIXED-LENGTH DATA ELEMENTS--GENERAL INFORMATION | |
| fixed length control field | 050318n2005 000 0 eng u |
| 035 ## - SYSTEM CONTROL NUMBER | |
| System control number | (Sirsi) u129108 |
| 100 ## - MAIN ENTRY--PERSONAL NAME | |
| Personal name | Andrew, A. |
| 245 ## - TITLE STATEMENT | |
| Title | Existing use value for social housing |
| 260 ## - PUBLICATION, DISTRIBUTION, ETC. | |
| Date of publication, distribution, etc. | 2005 |
| 490 ## - SERIES STATEMENT | |
| Series statement | Property Management |
| Volume/sequential designation | 23(1) 2005, 10-21(12) |
| 520 ## - SUMMARY, ETC. | |
| Summary, etc. | Paper examines the provisions in "RICS appraisal and valuation standards" (ISBN 1842191233) for property professionals involved in the use of the definition of Existing Use Value for Social Housing (EUV-SH) and the Tenanted Market Value (TMV) basis set out in guidelines for Scottish local authorities. Reports that there is scope for RICS to engage with public sector clients to rationalise the terminology in this field and settle on an agreed title of EUV-SH or TMV. [Taken from journal abstract]. |
| 590 ## - LOCAL NOTE (RLIN) | |
| Local note | ABS |
| 650 ## - SUBJECT ADDED ENTRY--TOPICAL TERM | |
| Topical term or geographic name entry element | SOCIAL HOUSING |
| 650 ## - SUBJECT ADDED ENTRY--TOPICAL TERM | |
| Topical term or geographic name entry element | RICS appraisal and valuation standards |
| 650 ## - SUBJECT ADDED ENTRY--TOPICAL TERM | |
| Topical term or geographic name entry element | EXISTING USE VALUE |
| 650 ## - SUBJECT ADDED ENTRY--TOPICAL TERM | |
| Topical term or geographic name entry element | TENANTED MARKET VALUE |
| 650 ## - SUBJECT ADDED ENTRY--TOPICAL TERM | |
| Topical term or geographic name entry element | SCOTLAND |
| 650 ## - SUBJECT ADDED ENTRY--TOPICAL TERM | |
| Topical term or geographic name entry element | RENTAL VALUE |
| 690 ## - LOCAL SUBJECT ADDED ENTRY--TOPICAL TERM (OCLC, RLIN) | |
| Topical term or geographic name as entry element | PROPERTY-RESIDENTIAL PROPERTY-RESIDENTIAL PROPERTY APPRAISAL AND VALUATION |
| 700 ## - ADDED ENTRY--PERSONAL NAME | |
| Personal name | Pitt, M. |
| 942 ## - ADDED ENTRY ELEMENTS (KOHA) | |
| Suppress in OPAC | 0 |
| Withdrawn status | Lost status | Source of classification or shelving scheme | Damaged status | Not for loan | Home library | Current library | Shelving location | Date acquired | Total Checkouts | Full call number | Barcode | Date last seen | Copy number | Price effective from | Koha item type |
|---|---|---|---|---|---|---|---|---|---|---|---|---|---|---|---|
| Dewey Decimal Classification | London | London | Journal article | 18/03/2005 | ABS68878 | 129108-1001 | 06/08/2019 | 1 | 06/08/2019 | Journal article |